| 000 | 01107cam a22003134a 4500 | ||
|---|---|---|---|
| 001 | 16115699 | ||
| 003 | ARRUPE | ||
| 005 | 20150909114013.0 | ||
| 008 | 100303s2009 za b 000 0 eng | ||
| 010 | _a 2010306140 | ||
| 040 |
_aDLC _cDLC |
||
| 042 | _alcode | ||
| 043 | _af-za--- | ||
| 050 | 0 | 0 |
_aHC915.Z9 _bE44 2009 |
| 100 | 1 |
_aMatale, James. _919557 |
|
| 245 | 1 | 0 |
_aEquity and development in Zambia. _cby Matale, James |
| 246 | 3 | _aEquity and development in Zambia | |
| 260 |
_aNdola, Zambia : _bEconomics Association of Zambia, _cc2009. |
||
| 300 |
_aviii, 112 p. ; _c21 cm. |
||
| 500 | _a"Drafted by James Matale, with the assistance of Robert Liebenthal"--P. viii. | ||
| 504 | _aIncludes bibliographical references. | ||
| 650 | 0 |
_aEconomic development _zZambia. _919558 |
|
| 650 | 0 |
_aEquality _zZambia. _919559 |
|
| 651 | 0 |
_aZambia _xEconomic conditions _y1964- _914087 |
|
| 700 | 1 |
_aLiebenthal, Robert. _919560 |
|
| 906 |
_a7 _bcbc _corigode _d3 _encip _f20 _gy-gencatlg |
||
| 942 |
_2lcc _cMONOGRAPH |
||
| 999 |
_c123313 _d123313 |
||